[Event "EU-ch 6th"]
[Site "Warsaw"]
[Date "2005.06.25"]
[Round "7"]
[White "Georgiev, Kiril"]
[Black "Potkin, Vladimir"]
[Result "0-1"]
[WhiteElo "2666"]
[BlackElo "2552"]
[Annotator "Mikhalevski,V"]
[PlyCount "112"]
[EventDate "2005.06.18"]
[EventType "swiss"]
[EventRounds "13"]
[EventCountry "POL"]
[SourceTitle "CBM 108"]
[Source "ChessBase"]
[SourceDate "2005.09.26"]
[SourceVersion "1"]
[SourceVersionDate "2005.09.26"]
[SourceQuality "1"]

1. d4 d5 2. c4 c6 3. Nf3 Nf6 4. e3 e6 5. Nbd2 Nbd7 6. Bd3 Bd6 7. O-O O-O 8. e4
e5 9. cxd5 cxd5 10. exd5 exd4 11. Nc4 (11. Ne4) 11... Nb6 12. Nxd6 Qxd6 13. Bc2
{White prepares to capture the d4-pawn by queen looking for advantage at an
endgame with a pair of bishops.} (13. Be2 {is an alternative. Here is one of
the recent examples.} Bg4 14. Qxd4 Qxd5 15. Be3 Rfe8 16. Rfe1 Re4 {I believe
this is one of the reasons for placing the bishop on c2.} 17. Qxd5 Nbxd5 18.
Bd2 Nb4 $11 {1-0 Kveinys,A-Matthiesen,A/Esbjerg DEN 2005/The Week in Chess 557
(74). (73)}) 13... Bg4 (13... Qxd5 14. Qxd4 Bg4 {The game transposes into
Korchnoi-Fressinet. See below.} 15. Qxd5 Nbxd5 16. Bd2 Rfe8 17. Rfe1 Rxe1+ {
Once again Black deviates from exchange on f3 and once again gets a worse
endgame.} (17... Bxf3 $5) 18. Rxe1 Re8 19. Rxe8+ Nxe8 20. Nd4 $14 {1/2-1/2
Abramovic,B-Lazic,M/Budva 2004/CBM 102 ext (62). (62)}) 14. Qxd4 Bxf3 $1 {
Finally Black shows the right idea. The knight has to be eliminated in order
to create weaknesses on the kingside. That's going to be compensation for a
pair of bishops.} (14... Qxd5 15. Qxd5 Nbxd5 16. Bd2 Rfe8 17. Rfe1 h6 $2 (17...
Bxf3 $142 18. gxf3) 18. Nd4 $14 {1-0 Korchnoi,V-Fressinet,L,St.
Petersburg-Paris 2003/CBM 96[Tsesarsky]}) 15. gxf3 Qxd5 16. Qxd5 Nbxd5 17. Bd2
{[%csl Gc2,Gd2,Rf2,Rf3,Rh2] The same position with inclusion of moves Rfe1 and
Rfe8 could arise in the afore-mentioned game of Korchnoi in case of 17...Bxf3.
This is a critical position of the entire line. White has a pair of bishops,
which are not very active for the moment; at the same time the kingside pawns
are weak. The game should answer the question what is more important weak
pawns or bishops.} Rfd8 {[%cal Gd8d6] Black decides to double rooks along the
d-file and thus to support his strong knight on d5 which restricts mobility of
the white bishops.} 18. Rfd1 Rd6 {[%cal Ga8d8]} 19. Bb3 Rad8 20. Rac1 h6 {
A windiw for the king and also a preparation for g5 in future.} 21. Kf1 b6 22.
a3 {I believe the position is about equal. Both sides are waiting.} Nh5 {
[%cal Gh5f4] The knight goes to a weak f4-square.} 23. Be3 $5 Nhf4 {[%cal
Gg7g5]} ({Undoubling of pawns by means of} 23... Nxe3+ $6 {is wrong. The
arising endgame is slightly better for White thanks to superiority of the
bishop over the knight and more active king.} 24. fxe3 Rxd1+ 25. Rxd1 Rxd1+ 26.
Bxd1 {[%cal Gf1e2,Ge2d3,Gd3d4,Gd3c4]}) 24. Bc2 (24. Bxf4 $5 {This surprising
exchange deserved attention as White wins a pawn by force.} Nxf4 25. Rxd6 Rxd6
26. Rc8+ Kh7 27. Bc2+ g6 28. Rc7 Kg7 (28... Kg8 29. Rxa7 Rc6 30. Bd1) 29. Rxa7
Rc6 30. Bd1 $13 {and though the knight on f4 is better than the bishop a pawn
is a pawn.}) 24... g5 $1 {Now Black has a nice outpost on f4.} 25. Bd2 {
White is still waiting for mistake.} h5 26. Be1 h4 {Black improves his
position step by step.} 27. Bb3 Ne6 {However it's not easy to make any
progress. So Black is also waiting.} 28. Bc2 Nef4 29. b4 {[%cal Ga3a4,Ga4a5]
White is trying to be agressive. He's planning a4-a5 intending to extend a
zone of influence of the bsishops, but in fact only creates additional
weaknesses.} Ne6 30. Bb3 Kf8 31. a4 Ke7 32. a5 $6 b5 $1 {Now the b4-pawn is
fixed and becoming a target for the black pieces.} 33. Rd3 Ndf4 {Black is
starting to show his serious intentions. He is not going to wait anymore.} 34.
Re3 a6 35. Bc3 Nd5 36. Re4 Rc8 37. Bb2 Rxc1+ 38. Bxc1 {[%cal Gc1g5]} Kd7 {
Unpinning the e6-knight.} 39. Re5 $2 {White is too optimistic. He had to
continue his waiting tactics.} (39. Be3 $5 {[%cal Ge3c5] would be more to the
point.} Ndf4 $15) 39... Nxb4 40. Bxg5 Nc6 $17 {I believe White missed this
intermediate move.} 41. Rf5 (41. Bxe6+ $5 {was worth a try, but Black is
anyway a clear favourite here.}) 41... Nxg5 42. Rxg5 Rf6 {Black protects the
f-pawn, then wins the a-pawn and two connected pawns on the queenside will say
their word.} (42... Ke7 $5) 43. Rh5 $2 (43. Rg4 $142 {preventing Rf4.}) 43...
Nxa5 44. Ba2 Rf4 $1 $19 {The rest is easy and Black leads the game to its
logical conlcusion without leaving a single chance.} 45. Rh6 f6 46. Rh7+ Kc6
47. Ke2 Nc4 48. Bb1 a5 49. Be4+ Kc5 50. Kd3 Kb4 51. Rh5 a4 52. Kc2 a3 53. Rh8
f5 54. Bd3 Rxf3 55. Bxc4 Rxf2+ 56. Kb1 Kxc4 {A very good technique of the
young Russian player!} 0-1

[Event "Norway Chess 3rd"]
[Site "Stavanger"]
[Date "2015.06.25"]
[Round "9"]
[White "Hammer, Jon Ludvig"]
[Black "Carlsen, Magnus"]
[Result "1-0"]
[WhiteElo "2677"]
[BlackElo "2876"]
[Annotator "Mokal,P"]
[PlyCount "67"]
[EventDate "2015.06.16"]
[EventType "tourn"]
[EventRounds "9"]
[EventCountry "NOR"]
[EventCategory "22"]
[SourceTitle "CBM 167"]
[Source "ChessBase"]
[SourceDate "2015.07.13"]
[SourceVersion "1"]
[SourceVersionDate "2015.07.13"]
[SourceQuality "1"]

1. d4 d5 2. c4 e6 3. Nf3 a6 $5 {An out of form (and out of luck) Carlsen
playing Black against his own second and good friend, Jon Ludwig Hammer in the
last round. An unenviable situation for the Champion. It is therefore not a
surprise that Carlsen chooses to play something slightly different...} 4. Bg5
f6 $6 {[%csl Re6][%cal Rg8f6,Ga2g8] ...but this is a real surprise. Whatever
the engines say, this move would be criticised by any book on openng
fundamentals. It weakens the a2-g8/^, takes away an important square from the
g8-N and also creates a target on e6.} (4... Be7 {is normal.}) 5. Bd2 dxc4 6.
e3 Nc6 (6... b5 7. a4 Bb7 8. axb5 axb5 9. Rxa8 Bxa8 10. b3 $14 {[%csl Rb5,Re6,
Re8,Rf6][%cal Gf7f6] White will win back the pawn. The weakening move ...f6
will matter sooner or later.}) 7. Bxc4 {[%csl Re6]} Bd6 8. e4 (8. Nc3 $5 Nge7
9. O-O O-O 10. Ne4 $14) 8... Nge7 9. O-O O-O 10. Qb3 Kh8 (10... Qd7 11. a4 $14
{[%csl Rc8,Re6,Rg8] White has the space. Black has the weakness and awkwardly
placed pieces.}) 11. Bxe6 Bxh2+ 12. Kxh2 (12. Nxh2 $2 Nxd4 $17) 12... Qd6+ 13.
Kh1 ({Hammer was probably worried about some intermediate checks that could
spoil his calculations somewhere after} 13. Kg1 {[%cal Gc6d4,Gd4f3,Gc6e5,Ge5f3,
Gf3g1] but concrete variations do not show anything to worry about, for example
} Bxe6 14. d5 Bg8 (14... Nxd5 15. exd5 Bxd5 16. Bf4 $16) 15. Qa3 $14) 13...
Bxe6 14. d5 Bg8 (14... Nxd5 15. exd5 Bxd5 16. Bf4 $16) 15. Qa3 $1 {Forcing a
pleasant endgame.} Qxa3 16. Nxa3 Na7 (16... Nb8 {[%csl Ra8][%cal Gb8d7,Gc7c6]
controls the d7-square and therefore makes ...c6 a viable option to consider.
But it holds up the R on a8, giving us the pros and cons.} 17. Bb4 Re8 18. Rac1
c6 19. Rfe1 $14 ({The point of ...Nb8 is that} 19. d6 {[%csl Rd7][%cal Gb8d7]
is a move that Black need not worry about.} Nc8 $15) (19. Nc4 Nc8)) (16... Ne5
$2 17. Nxe5 fxe5 18. f3 $16 {[%csl Rc7,Re5]}) 17. Bb4 Rfe8 18. Rac1 Rac8 (18...
c6 $6 19. d6 $14 {[%csl Ra7][%cal Rb8d7]}) (18... Ng6 $5 19. Rxc7 (19. Rfe1 c6
20. Nc4 Nf4 21. d6 (21. Nb6 $2 Rad8 $132) 21... Nd3 $132) 19... Rxe4 20. Bc5 (
20. Rxb7 $2 Bxd5 $17) 20... Bxd5 21. Rd1 Bg8 (21... Bxa2 22. Bxa7 Rxa7 23. Rd8+
Bg8 24. Nc4 {[%cal Gc4d6]} h5 (24... h6 25. Nd6 Re7 26. Rcc8 $16) 25. Nd6 $18 {
[%cal Gc7c5,Gc5h5,Gc7c8,Gd8g8]}) 22. Bxa7 Rxa7 23. Rd8 $36 {[%csl Ra7,Rg8]
[%cal Gc7a7,Gc7h7,Gd8a8,Gd8h8]}) 19. Nd4 $1 f5 20. f3 (20. Bxe7 $6 Rxe7 21.
exf5 (21. Nxf5 Rxe4 $15) 21... Rd8 $15 {[%csl Rd5]}) 20... fxe4 21. fxe4 $14 {
[%csl Rc7,Gd5,Ge4] The central pawns take away a lot of important squares from
Black pieces and White has annoying pressure on c7.} Ng6 22. Nf5 $6 (22. Rfe1
$142 {[%csl Gd5,Ge4] maintaining the strong central control.} Nf4 {[%cal Gf4d3]
} 23. Nf5 $1 {[%csl Rg7][%cal Gb4c3,Gc3g7]} Nd3 24. Bc3 Bf7 25. Nxg7 Kg8 26.
Nxe8 Rxe8 27. Bd4 {[%csl Ra7]} Nxe1 28. Rxe1 $14 {[%csl Ra7,Rc7,Gd5,Ge4]})
22... Rxe4 23. Bc3 Bxd5 $6 ({On any other day and in any other tournament
Carlsen would have found} 23... h6 $142 24. Bxg7+ Kh7 25. Bd4 (25. Bxh6 Bxd5
$132) 25... b6 26. d6 c5 $13) (23... Ne5 $2 24. Rce1 $18) 24. Bxg7+ Kg8 25. Bd4
$1 {[%csl Ra7][%cal Gf5h6,Gd4a7] Carlsen admitted to having missed this move.
That is real bad form.} Rxd4 26. Nxd4 Bxa2 27. b3 Rd8 ({Black's best chance
was to try and fight after} 27... c5 28. Rf2 cxd4 29. Rxc8+ Nxc8 30. Rxa2 {
and it is not that easy for White to convert this position into a win.} Nf8 31.
Nc4 $14 {and a long battle awaits.} ({White cannot really take the P on d4.
For example} 31. Rd2 Ne6 32. Nc2 $6 Nd6 $1 33. Nxd4 $2 Ne4 $17 {[%csl Rd1,Rd3,
Re2][%cal Ge4g3,Ge4f2]})) 28. Ne6 Rd2 ({Black should have pushed the N away
with} 28... Rd6 $142 $16) 29. Rc3 (29. Rxc7 Bxb3 30. Rg7+ Kh8 31. Rff7 Bxe6 32.
Rxh7+ Kg8 33. Rhg7+ Kh8 34. Rxb7 Bd5 (34... Nb5 35. Nxb5 axb5 36. Rxg6 $16) 35.
Rh7+ Kg8 36. Rbg7+ Kf8 37. Rxg6 $18) 29... Re2 (29... Nc6 30. Rcf3 {[%cal
Gf3f8]} h5 31. Rf7 Nce5 32. Rg7+ Kh8 33. Nc4 $18) 30. Nf4 (30. Rf6 $18 {
[%cal Gc3f3,Gf6f8] was simpler, forcing Black to give up another exchange to
avoid the threatened mate with Rcf3 followed by Rf8.}) 30... Rb2 31. Nxg6 hxg6
32. Rxc7 Rxb3 $2 (32... Bxb3 33. Rf6 $18 (33. Rxb7 Nb5 34. Rb1 Rxb1+ 35. Nxb1
$16)) ({A better fighting chance was} 32... Nc6 33. Re1 (33. Rf6 $5 Rxb3 34.
Rxg6+ Kf8 35. Nc2 $16 {[%csl Gg2]}) (33. Rxb7 Rxb3 34. Rxb3 Bxb3 35. Rf6 Ne5
36. Rxa6 $16) 33... Kf8 34. Nc4 Rxb3 35. Nd6 {[%cal Ge1e8]} Rb1 36. Rxb1 Bxb1
37. Nxb7 $16 {[%cal Gb7c5,Gc5a6,Gc5e6]}) 33. Rd1 {[%cal Gd1d8]} Nc6 34. Rdd7 {
[%cal Gc7c8] A fine victory for Jon Ludwig Hammer who kept up the pressure all
through the game. From Carlsen's viewpoint, bad luck, bad form, the pressure
of the home crowd and a final round against his own Second, everything went
wrong for the Champion in this tournament. He is mortal, after all. The next
event will be a test of his character and it will be no surprise if he comes
out fighting with a vengeance.} 1-0

[Event "Tata Steel-A 73rd"]
[Site "Wijk aan Zee"]
[Date "2011.01.22"]
[Round "7"]
[White "Wang, Hao"]
[Black "Shirov, Alexei"]
[Result "1/2-1/2"]
[WhiteElo "2731"]
[BlackElo "2722"]
[Annotator "Moradiabadi,E"]
[PlyCount "124"]
[EventDate "2011.01.14"]
[EventType "tourn"]
[EventRounds "13"]
[EventCountry "NED"]
[EventCategory "20"]
[SourceTitle "CBM 141"]
[Source "ChessBase"]
[SourceDate "2011.03.17"]
[SourceVersion "1"]
[SourceVersionDate "2011.03.17"]
[SourceQuality "1"]

1. d4 d5 2. c4 c6 3. Nf3 Nf6 4. e3 e6 5. b3 Nbd7 6. Bd3 Ne4 {Shirov is going
for a Stonewall formation.} (6... Bd6 7. Bb2 O-O 8. Nbd2 b6 9. O-O Bb7 10. Ne5
{should have been what Wang Hao had in his mind.}) 7. O-O f5 8. Ba3 {[%csl Re5]
Wang Hao is trying to take advantage of a somewhat premature clearance of the
pawn structure. However his knight on a3 would enter the main battle rather
late.} Bxa3 9. Nxa3 O-O 10. b4 a5 $5 11. Nc2 $146 (11. b5 c5 12. Qb3 a4 13. Qb2
b6 14. Rad1 Bb7 15. Nb1 Qe7 16. Ne5 Nxe5 17. dxe5 f4 18. Bxe4 dxe4 19. exf4
Rxf4 20. Qd2 Qg5 21. Qe3 Raf8 22. Nc3 Qg6 23. Kh1 h5 24. Rd7 Ba8 25. Nxa4 Rg4
26. Nxb6 Rxg2 27. Nxa8 Rf3 28. Qd2 Qg4 29. Rxg7+ Kxg7 30. Qd7+ Kh6 {0-1 Volke,
K (2472)-Shabalov,A (2626)/Bad Wiessee 2007/CBM 121 Extra}) 11... axb4 12. Nxb4
g5 13. Nd2 Qe7 14. a3 Ndf6 15. f3 c5 16. dxc5 Qxc5 $5 (16... Nxc5 17. Nb3 Rd8
18. Nxc5 Qxc5 19. Qc1 d4 20. exd4 Qxd4+ 21. Kh1 Qf4 22. Qc3 (22. Qxf4 gxf4 23.
Rfe1 Ra5 {[%csl Ge5][%cal Ge6e5]}) 22... Qd4 {would have been about equal.})
17. fxe4 dxe4 18. Be2 Qxe3+ 19. Kh1 Rd8 20. Ra2 Rxa3 21. Rxa3 Qxa3 22. Qb3 Qxb3
23. Nxb3 e3 $2 {This simply loses a pawn!} (23... Kf7 24. Kg1 f4 25. Rc1 (25.
Re1 $1 {covering the e3-square} e3 {would have led to a balanced but far from
clear ending.} (25... g4 26. c5 f3 27. Bc4 {and White is better})) 25... g4 {
[%cal Gf4f3]} 26. c5 f3 27. Bc4 e3) 24. Nc2 Ne4 25. Nxe3 Nc3 26. Re1 Nxe2 27.
Rxe2 Rd3 28. Nc5 Ra3 29. Kg1 Kf7 30. Kf2 b6 31. Nc2 Rc3 32. Na4 Rxc4 33. Nxb6
Rf4+ 34. Kg1 Ba6 35. Re1 Bd3 36. Rc1 Ke7 37. Ne3 (37. g3 Re4 38. Ne1 Ba6 39.
Nf3 h6 40. Rc7+ Kd6 41. Ra7 Bb5 42. Nc8+ Kc5 43. Ra5 Re3 44. Na7 Rxf3 45. Rxb5+
Kd6 46. Rb6+ Kd5 {does not seem like a great improvement either. It is not
clear whether White can win or not.}) 37... Rd4 38. Rc7+ Kd6 39. Rd7+ Kc5 40.
Na4+ $1 Rxa4 41. Rxd3 Ra1+ 42. Kf2 Ra2+ 43. Kf3 h5 44. h3 (44. h4 gxh4 45. Rc3+
Kd6 46. Rc4 h3 47. gxh3 Ra3 {[%csl Rf3][%cal Ga3h3]} 48. Kf2 Ra2+ 49. Rc2 Ra4 (
49... Ra3 $4 50. Nc4+ $18) 50. Rc4 Ra2+ {does not yield anything either.})
44... g4+ $2 {It is not clear whether Black had carefully calculated this
continuation.} 45. Kf4 Ra4+ 46. Kg5 f4 47. Nd1 $2 {gives away the win} (47. Nf1
$1 {could give Black a hard time!} e5 48. h4 {[%csl Gg5]} g3 (48... Ra2 49. Nd2
$18) 49. Kxh5 (49. Nd2 $2 e4 50. Rb3 e3 51. Nf3 Kc4 52. Rb7 Kd3 53. Kxh5 Ke2 $1
54. Kg4 Kf2 55. Kh3 e2 $11 {and neither side can improve the position.}) 49...
e4 50. Rd1 e3 51. Kg4 e2 52. Rc1+ Kd5 53. Nd2 Kd4 54. Kf3 Kd3 55. Nb1 $18)
47... e5 48. Rd2 (48. h4 Ra2 {[%csl Rg2]}) 48... f3 49. gxf3 gxh3 50. Nb2 Ra3
51. Nd3+ Kd4 52. Ne1+ Ke3 53. Rh2 Rc3 54. Nc2+ Kd3 55. Ne1+ Ke3 56. f4 exf4 57.
Rxh3+ Kd4 58. Nf3+ Ke4 59. Nd2+ Kd4 60. Rh4 Ke3 61. Nf1+ Ke2 62. Rxf4 Rf3
1/2-1/2

[Event "Bundesliga 0506"]
[Site "Germany"]
[Date "2006.02.19"]
[Round "11.1"]
[White "Gustafsson, Jan"]
[Black "Anand, Viswanathan"]
[Result "0-1"]
[WhiteElo "2615"]
[BlackElo "2788"]
[Annotator "Mueller,Karsten"]
[PlyCount "78"]
[EventDate "2005.10.21"]
[EventType "team-tourn"]
[EventRounds "15"]
[EventCountry "GER"]
[SourceTitle "CBM 112"]
[Source "ChessBase"]
[SourceDate "2006.06.07"]
[SourceVersion "1"]
[SourceVersionDate "2006.06.07"]
[SourceQuality "1"]
[WhiteTeam "Hamburger SK"]
[BlackTeam "Baden-Baden"]
[WhiteTeamCountry "GER"]
[BlackTeamCountry "GER"]

1. d4 Nf6 2. c4 e6 3. Nf3 d5 4. e3 a6 5. Nbd2 c5 6. cxd5 exd5 7. b3 cxd4 8.
Nxd4 Bb4 9. Qc2 O-O 10. Be2 Bd7 11. O-O Nc6 12. Nxc6 Bxc6 13. a3 Ba5 14. Bb2
Rc8 15. Bd4 Bb5 16. Qd1 Bxe2 17. Qxe2 Bc3 18. Bxc3 Rxc3 19. Rac1 d4 20. exd4
Qxd4 21. Rxc3 Qxc3 22. Qd1 g6 23. Nc4 Re8 24. h3 Re6 25. a4 h5 26. a5 Kg7 $1 {
[%mdl 32] Ein sehr starker Zug, der den König für das Endspiel schon mal näher
heranführt und Weiß in eine Art Zugzwang bringt.} 27. Qf3 $2 {Das entstehende
Endspiel ist erstaunlich vorteilhaft für Schwarz.} (27. f4 {was a better try
to muddy the water. bot bessere Chancen, das Wasser zu trüben.}) 27... Qxf3 $19
28. gxf3 h4 29. Rd1 Nh5 30. Rd7 Re1+ 31. Kh2 Re2 32. Rd2 $6 {Im reinen
Springerendspiel ist Weiß chancenlos, weil sein König nicht mitspielt.
Allerdings sollte auch} (32. Rxb7 {verlieren, z.B.} Rxf2+ 33. Kg1 Rxf3 34. Ne5
(34. Nd6 $5) 34... Rf5 35. Nc4 g5 36. Rb6 Rf3 37. b4 Nf4 38. Rxa6 Nxh3+ 39. Kh1
g4 $19) 32... Rxd2 33. Nxd2 Kf6 34. Ne4+ Ke5 35. Nc5 Nf4 36. Nxb7 Ne6 $1 {
[%cal Ge6d8,Ge6c5,Ge5d6] Dominiert den weißen Springer komplett, was den
Untergang besiegelt:} 37. b4 Kd5 38. b5 axb5 39. a6 Kc6 0-1

[Event "FRA-ch"]
[Site "Chartres"]
[Date "2005.08.16"]
[Round "11"]
[White "Fressinet, Laurent"]
[Black "Apicella, Manuel"]
[Result "1-0"]
[WhiteElo "2627"]
[BlackElo "2553"]
[Annotator "Mueller,Karsten"]
[PlyCount "105"]
[EventDate "2005.08.15"]
[EventType "tourn"]
[EventRounds "11"]
[EventCountry "FRA"]
[EventCategory "13"]
[SourceTitle "CBM 109"]
[Source "ChessBase"]
[SourceDate "2005.11.14"]
[SourceVersion "1"]
[SourceVersionDate "2005.11.14"]
[SourceQuality "1"]

1. d4 d5 2. c4 e6 3. Nf3 c6 4. Qc2 Bd6 5. Bg5 Ne7 6. e3 O-O 7. Nc3 f5 8. Bd3
Na6 9. a3 dxc4 10. Bxc4 b5 11. Be2 b4 12. axb4 Nxb4 13. Qd2 h6 14. Bf4 Bxf4 15.
exf4 c5 16. O-O cxd4 17. Qxd4 Qxd4 18. Nxd4 Ng6 19. g3 e5 20. fxe5 Nxe5 21. Ra5
Nec6 22. Nxc6 Nxc6 23. Bc4+ Kh8 24. Rc5 Bb7 25. Bd5 Nd8 26. Re1 Bxd5 27. Nxd5
Rb8 28. Rc7 Rb7 29. Ree7 Rxc7 30. Rxc7 Rf7 31. Rxf7 Nxf7 32. Kf1 {[%mdl 4096]
There follows an instructive example of the power of an active king, since at
first glance White's advantage appears to be minimal: Es folgt ein
instruktives Beispiel dafür, was ein aktiver König vermag, denn auf den ersten
Blick scheint der weiße Vorteil nur gering zu sein:} g5 33. Ke2 Kg7 34. Ne7 Nd6
35. Nc6 Nb5 36. Kd3 Kf6 37. Kc4 Nd6+ 38. Kd4 a6 39. b4 Nb7 (39... Ne4 40. f4
$18) 40. Kd5 $1 g4 41. Nd4 a5 (41... Nd8 42. Nb3 Ne6 43. Nc5 Nc7+ 44. Kc6 Nb5
45. Nxa6 $18) 42. Kc6 $1 axb4 43. Kxb7 {The knight may well on its own be a
bad defender of one wing, but here it has everything under control. Der
Springer ist zwar auf sich allein gestellt ein schlechter Verteidiger eines
Flügels, hat hier aber alles im Griff:} Ke5 44. Nc6+ Ke4 45. Nxb4 Kf3 (45... f4
46. Kc6 fxg3 47. fxg3 Kf3 48. Nd5 Kg2 49. Nf6 (49. Ne3+ $2 Kxh2 50. Nf5 h5 51.
Kd5 Kh3 52. Ke4 h4 53. gxh4 g3 54. Nxg3 Kxh4 $11) 49... Kxh2 50. Nh5 $18) 46.
Nd3 Ke2 47. Nf4+ Kxf2 48. Kc6 Kg1 49. Kd5 Kxh2 50. Nh5 $1 (50. Ne2 $2 Kg2 51.
Kd4 Kf3 52. Kd3 Kf2 $11) 50... f4 51. gxf4 g3 52. Nxg3 Kxg3 53. f5 (53. f5 h5
54. f6 h4 55. f7 h3 56. f8=Q h2 (56... Kg2 57. Ke4 h2 58. Qf3+ Kg1 59. Ke3 h1=Q
60. Qf2#) 57. Qf1 $18) 1-0